000 01052nam0a22002291 4500
001 rc\3052236
005 20250530024605.0
035 _a(NLR Aleph) 007191611
090 _a7543340
_c7543340
100 _a20111010d1935 |||y0rusy50 ca
101 0 _arus
102 _aRU
105 _aa z |||||
200 1 _aМеханизация корчевальных работ
_eРуководство для младш. техн. персонала, десятников, колхоз. бригадиров и актива
_fМ.Ф. Незнаев
_gНКЗ СССР - Васхнил. Всес. науч.-иссл. ин-т гидротехники и мелиорации
210 _aМосква
_aЛенинград
_cСельхозгиз
_d1935
_eМосква
_g18 тип. треста "Полиграфкнига"
215 _aОбл., 16 с.
_cил.
_d20×13 см
700 1 _aНезнаев
_bМ.Ф.
_f1892-
_gМихаил Федорович
801 0 _aRU
_bNLR
_gpsbo
801 1 _aRU
_bELAR
_2rusmarc
852 _aNLR
_j35-10/2587
942 _cBOOK
980 _aNB